Normal view
MARC view
- Chughati, Muhammad Akram
Entry Personal Name
001 - CONTROL NUMBER
- control field: 68329
003 - CONTROL NUMBER IDENTIFIER
- control field: NUST
005 - DATE AND TIME OF LATEST TRANSACTION
- control field: 20210628204027.0
008 - FIXED-LENGTH DATA ELEMENTS
- fixed length control field: 210628|| aca||aabn | a|a d
040 ## - CATALOGING SOURCE
- Original cataloging agency: NUST
- Transcribing agency: NUST
100 ## - HEADING--PERSONAL NAME
- Personal name: Chughati, Muhammad Akram
670 ## - SOURCE DATA FOUND
- Source citation: Work cat.: (NUST): Chughati, Muhammad Akram, Moulana jalal ud din roomi , hayaat-o-afkaar, 2011
